BIBLIOTECA PODER JUDICIAL
Portal Judicial TDF

Garantía sobre propias acciones : (Registro nro. 6342)

000 -LEADER
fixed length control field 01492nab a22002417a 4500
003 - CONTROL NUMBER IDENTIFIER
control field OSt
005 - DATE AND TIME OF LATEST TRANSACTION
control field 20260130220347.0
008 - FIXED-LENGTH DATA ELEMENTS--GENERAL INFORMATION
fixed length control field 190603e xxum|||| |||| 00| 0 spa d
040 ## - CATALOGING SOURCE
Transcribing agency PJ
100 ## - MAIN ENTRY--PERSONAL NAME
9 (RLIN) 6321
Personal name Van Thienen, P. Augusto
245 13 - TITLE STATEMENT
Title Garantía sobre propias acciones :
Remainder of title ¿por qué no? (Despejando la "x" del art. 222 LGS) /
Statement of responsibility, etc Augusto Van Thienen.
260 ## - PUBLICATION, DISTRIBUTION, ETC. (IMPRINT)
Date of publication, distribution, etc Ciudad Autónoma de Buenos Aires :
Place of publication, distribution, etc Thomson Reuters La Ley,
Name of publisher, distributor, etc 2025.
300 ## - PHYSICAL DESCRIPTION
Extent p. 247-256
500 ## - GENERAL NOTE
General note Cita: TR LALEY AR/DOC/2273/2025 <br/>Publicado en: RCCyC 2025 (Octubre).
505 ## - FORMATTED CONTENTS NOTE
Formatted contents note Sumario: I. Introducción.— II. Contexto actual de la prohibición.— III. Función de la prohibición y supletoriedad normativa.— IV. Repensando el art. 222 LGS.— V. Garantía sobre acciones propias: ¿por qué no?— VI. La garantía desde la perspectiva del conflicto de interés.— VII. La "prohibición" solo devenga responsabilidad.— VIII. Fideicomiso de garantía sobre acciones propias.— IX. La prenda de acciones en el Cód. Civ. y Com.— X. Mis conclusiones.
505 ## - FORMATTED CONTENTS NOTE
Title ¿Te interesa el texto completo? Solicitalo al correo: koha@justierradelfuego.gov.ar
650 #0 - SUBJECT ADDED ENTRY--TOPICAL TERM
9 (RLIN) 1497
Topical term or geographic name as entry element CODIGO CIVIL Y COMERCIAL
650 #0 - SUBJECT ADDED ENTRY--TOPICAL TERM
9 (RLIN) 646
Topical term or geographic name as entry element SOCIEDADES COMERCIALES
650 #0 - SUBJECT ADDED ENTRY--TOPICAL TERM
9 (RLIN) 1625
Topical term or geographic name as entry element SOCIEDAD ANONIMA
650 #0 - SUBJECT ADDED ENTRY--TOPICAL TERM
9 (RLIN) 1651
Topical term or geographic name as entry element ACCIONES SOCIETARIAS
773 0# - HOST ITEM ENTRY
Host Biblionumber 2713
Host Itemnumber 3170
Place, publisher, and date of publication Ciudad Autónoma de Buenos Aires : Thomson Reuters La Ley, 2015-
Title Revista Código Civil y Comercial. Nº 5 - Octubre 2025
942 ## - ADDED ENTRY ELEMENTS (KOHA)
Source of classification or shelving scheme
Koha item type Analítica Artículo de Revista

No hay ítems disponibles.

12 de Octubre 789 Ushuaia - Tel:  54(02901)441571
Horario de Atención: 8.00 a 17.00 hs. 
bibliotecaush@justierradelfuego.gov.ar
koha@justierradelfuego.gov.ar
Seguinos en nuestras redes @bibliojustdf 

Con tecnología Koha